000 01287nam a22003497a 4500
003 CHAP
005 20220329134023.0
008 971013s1979 r 00010 d
010 _a14188
011 _a15160
035 _a19235
040 _cCHAP
090 _aTesis
100 0 0 _aGonzález Martínez, Fernando.
_949145
245 _aEfecto de la suplementación con melaza-urea comparada con la harinolina sobre el peso y la fertilidad de las vacas Hereford bajo las condiciones de invierno y sequía en el estado de Chihuahua
260 _aMéxico, D.F. :
_bEl autor,
_c1979
300 _a38 h
502 _aTesis (Médico Veterinaria Zootecnista) -- UNAM. Fac. de Medicina Veterinaria y Zootecnia
590 _aALEPH
_b10
_c20130110
_lUCH01
_h1235
590 _aBATCH-UPD
_b10
_c20130110
_lUCH01
_h1157
590 _aBATCH-UPD
_b10
_c20130410
_lUCH01
_h0740
590 _aBATCH-UPD
_b10
_c20130914
_lUCH01
_h1524
590 _aCONVERSION
_b10
_c20130109
_lUCH01
_h1309
650 1 4 _aGanado Hereford.
_945131
650 1 4 _aGanado vacuno
_xFecundidad.
_945466
650 1 4 _aHarinolina.
_952734
650 1 4 _aMelaza en alimentación animal.
_974315
650 1 4 _aUrea en alimentación animal.
_9116890
901 _aBK
942 _cTESIS
949 _bBC
_cTES
_d-44603
_eTS1
_i19235
_si
999 _c14188
_d14188